| 000 | 01018nam a2200229Ia 4500 | ||
|---|---|---|---|
| 003 | GCL | ||
| 008 | 140319s9999 xx 000 0 ara d | ||
| 020 | _a4164322977 | ||
| 040 |
_aGCL / _cGCL |
||
| 082 | 0 | 4 |
_a909.04924 _bهـ ى |
| 100 | 1 | _aهانى عبدالعزيز جوهر | |
| 245 | 1 | 0 |
_aاليهود فى فلسطين فى العصرين البطلمى والسلوقى : _bالمكابيون - دراسة فى الناحية الدينية والسياسية / _cهانى عبدالعزيز جوهر |
| 250 | _aالاولى | ||
| 260 |
_aالقاهرة : _bعين للدراسات والبحوث الانسانية والاجتماعية ، _c2005 |
||
| 300 |
_a176 ص ؛ _c24 سم |
||
| 650 | 0 | 4 | _aاليهود - الاحوال السياسية |
| 650 | 0 | 4 | _aاليهود - تاريخ - العصر البطلمى |
| 650 | 0 | 4 | _aاليهود - تاريخ - العصر السلوقى |
| 650 | 0 | 4 | _aالمكابيون |
| 650 | 0 | 4 | _aفلسطين - تاريخ - العصر البطلمى |
| 942 |
_2ddc _cBK |
||
| 999 |
_c8764 _d8764 |
||